000 00497nam a2200205Ia 4500
005 20250923150319.0
008 008 250917s9999 xx 000 0 eng d
037 _aTextual
040 _aDSWL
_beng
_cDSWL
041 _aeng
_2eng
084 _qDSWL
100 _aSherawat,Ps
_9844585
245 0 _aWTO and Indian agricuture
_cby Ps Sherawat
260 _aDelhi
_bRegal
_c2014
300 _a228p.
365 _aINR
_b980
925 _g980
942 _cTEXL
999 _c1462049
_d1462049